• 首页
  • 本馆介绍
  • 公告通知
  • 最新文献
  • 馆藏检索
  • 电子资源
  • 读者导购
  • 参考咨询
  • 我的图书馆
  • 登录
  • 详细信息显示
  • 放入我的书架
  • 预约/预借图书
  • 作者相关作品
  • 分类相关作品
  • 丛书相关作品
  • 出版社相关作品

书目信息

  • 表格格式
  • 工作单格式
  • 卡片格式
题名:
管理会计学
    
 
作者: 郭晓梅 主编
分册:  
出版信息: 北京   中国人民大学出版社  2005
页数: 324页
开本: 23cm
丛书名:
单 册:
中图分类: F234.3
科图分类:
主题词: 管理会计--高等学校--教材 , 管理会计
电子资源:
ISBN: 7-300-06492-2
000 00937nam0 2200277 450
000 00957nam0 2200277 450
000 00888nam0 2200253 450
000 00850nam0 2200241 45
005 20070724145835.15
010    @a7-300-06492-2@dCNY25.00
100    @a20070618d2005 em y0chiy0120 ea
101 0  @achi
102    @aCN@b110000
105    @ay z 000yy
200 1  @a管理会计学@AGuan Li Hui Ji Xue@f郭晓梅主编@FGuo Xiao Mei Zhu Bian
210    @a北京@c中国人民大学出版社@d2005
215    @a324页@d23cm
300    @a厦门大学中青年会计系列教材
330    @a本书分四篇:第一篇为“管理会计概述”;第二篇为“成本计算系统”;第三篇为“决策支持系统”;第四篇为“计划与控制系统”。
510 1  @aManagement Accounting@zeng
606 0  @a管理会计@x高等学校@j教材
606 0  @a管理会计
690    @aF234.3@v4
701  0 @a郭晓梅@AGuo Xiao Mei@c(女,会计学博士)@4主编
801  0 @aCN@bTAOJIN@c20070724
905    @a10447@dF234.3@e288
    
    管理会计学/郭晓梅主编.-北京:中国人民大学出版社,2005
    324页;23cm
    厦门大学中青年会计系列教材
    
    ISBN 7-300-06492-2:CNY25.00
    本书分四篇:第一篇为“管理会计概述”;第二篇为“成本计算系统”;第三篇为“决策支持系统”;第四篇为“计划与控制系统”。
●
相关链接 在E读中查询图书 在五车中查询图书 在当当中查询图书 在豆瓣中查询图书


正题名:管理会计学     索取号:F234.3/288         预约/预借

序号 登录号 条形码 馆藏地/架位号 状态 备注
1 0824562   208245629   第一样本阅览室/ [索取号:F234.3/288] 在馆    
2 0824563   208245638   密集书库/ [索取号:F234.3/288] 在馆    
3 0824564   208245647   密集书库/ [索取号:F234.3/288] 在馆    
4 0824565   208245656   第一借阅区/ [索取号:F234.3/288] 在馆    
5 0824566   208245665   第一借阅区/ [索取号:F234.3/288] 在馆    
6 0824567   208245674   密集书库/ [索取号:F234.3/288] 在馆    
7 0824568   208245683   第一借阅区/ [索取号:F234.3/288] 在馆    
8 0824569   208245692   第一借阅区/ [索取号:F234.3/288] 在馆    
唐山师范学院图书馆 欢迎您!
大连网信软件有限公司© 版权所有